000
00301nam a2200109Ia 4500
008
200302s9999 xx 000 0 und d
100
_a
Wendy W. Staebler
245
_a
Architectural detailing In Contract Interiors
260
_b
Whitney Library of Design Publication
260
_c
1988
300
_a
256 P.,
999
_c
1109
_d
1109